[Event "Andalucia-ch U10"]
[Site "Islantilla"]
[Date "2012.04.13"]
[Round "1"]
[White "Garcia Ortega, Jaime"]
[Black "Lechuga Cabrero, Luis Miguel"]
[Result "0-1"]
[WhiteElo "1055"]
[BlackElo "1747"]
[PlyCount "86"]
[EventDate "2012.04.13"]
[EventType "swiss"]
[EventRounds "9"]
[EventCountry "ESP"]
[SourceTitle "CBM 148 Extra"]
[Source "ChessBase"]
[SourceDate "2012.06.22"]
[SourceVersion "1"]
[SourceVersionDate "2012.06.22"]
[SourceQuality "1"]

1. d4 Nf6 2. c4 e6 3. Nc3 Bb4 4. Nf3 d5 5. a3 Bxc3+ 6. bxc3 0-0 7. e3 b6 8. a4 a5 9. Bd3 Ba6 10. Qb3 Nbd7 11. Ba3 Re8 12. 0-0 Ne4 13. Bxe4 Bxc4 14. Qc2 dxe4 15. Qxe4 Bxf1 16. Rxf1 Nf6 17. Qf4 Nd5 18. Qe4 Nxc3 19. Qd3 Nd5 20. Ne5 f6 21. Nc6 Qd7 22. Qb5 Kh8 23. e4 Nc3 24. Qc4 Nxe4 25. Qc2 Nd6 26. Qc3 Nf7 27. Qf3 Qd5 28. Qc3 Qd7 29. Qc4 Nd8 30. Ne7 Rxe7 31. Bxe7 Qxe7 32. d5 e5 33. Qe4 Rb8 34. Qd3 Nb7 35. Qa6 Nc5 36. Qa7 Qd8 37. d6 cxd6 38. Qf7 Nxa4 39. Ra1 Nc5 40. Ra3 Qe8 41. Qc7 Rb7 42. Qxd6 Rd7 43. Qxb6 Rd1# 0-1